Library of the University of Algiers 3
Ibrahim Sultan Cheibout
شعار جامعة الجزائر 3
مكتبة جامعة الجزائر 3
إبراهيم سلطان شيبوط

هندسة التكاليف بين التنفيذ والمتابعة : (رقم التسجيلة. 42996)

تفاصيل مارك
000 -LEADER
fixed length control field 01046nam a2200229Ia 4500
003 - CONTROL NUMBER IDENTIFIER
control field Ost
005 - DATE AND TIME OF LATEST TRANSACTION
control field 20260507075115.0
008 - FIXED-LENGTH DATA ELEMENTS--GENERAL INFORMATION
fixed length control field 260507s9999||||xx |||||||||||||| ||und||
040 ## - CATALOGING SOURCE
Transcribing agency fsecg
041 ## - LANGUAGE CODE
Language code of text/sound track or separate title ara
082 ## - DEWEY DECIMAL CLASSIFICATION NUMBER
Classification number 692.5
100 ## - MAIN ENTRY--PERSONAL NAME
Personal name طمان، ضياء
Relator term مؤلف
245 #0 - TITLE STATEMENT
Title هندسة التكاليف بين التنفيذ والمتابعة :
Remainder of title نماذج تطبيقية لأعمال المقاولات والمشروعات الصناعية والزراعية /
Statement of responsibility, etc. ضياء طمان
260 ## - PUBLICATION, DISTRIBUTION, ETC.
Place of publication, distribution, etc. القاهرة:
Name of publisher, distributor, etc. مكتبة مدبولي,
Date of publication, distribution, etc. 1999
300 ## - PHYSICAL DESCRIPTION
Extent 109 صفحة؛
Other physical details إيضاحات ؛
Dimensions 24 سم
504 ## - BIBLIOGRAPHY, ETC. NOTE
Bibliography, etc. note موجه للمقاولين، لأصحاب المشروعات الإنتاجية، للمهندسين
520 ## - SUMMARY, ETC.
Summary, etc. أمثلة لنماذج تطبيقية لأعمال المقاولات والمشروعات الصناعية والزراعية
653 ## - INDEX TERM--UNCONTROLLED
Uncontrolled term إدارة المشروعات
653 ## - INDEX TERM--UNCONTROLLED
Uncontrolled term المشاريع الإنتاجية
653 ## - INDEX TERM--UNCONTROLLED
Uncontrolled term محاسبة التكاليف
942 ## - ADDED ENTRY ELEMENTS (KOHA)
Koha item type كتب
المقتنيات
Withdrawn status Lost status Source of classification or shelving scheme Damaged status Not for loan Home library Current library Date acquired Serial enumeration / chronology Inventory number Total checkouts Full call number Barcode Date last seen Price effective from Koha item type
    Dewey Decimal Classification   NOT LOAN / إعارة داخلية مكتبة كلية العلوم الإقتصادية والعلوم التجارية وعلوم التسيير مكتبة كلية العلوم الإقتصادية والعلوم التجارية وعلوم التسيير 07/05/2026 الطابق الأرضي 1905/1   أ/1905ن1 1905/1 07/05/2026 07/05/2026 كتب
    Dewey Decimal Classification   Available مكتبة كلية العلوم الإقتصادية والعلوم التجارية وعلوم التسيير مكتبة كلية العلوم الإقتصادية والعلوم التجارية وعلوم التسيير 07/05/2026 الطابق الأرضي 1905/2   أ/1905ن2 1905/2 07/05/2026 07/05/2026 كتب
    Dewey Decimal Classification   Available مكتبة كلية العلوم الإقتصادية والعلوم التجارية وعلوم التسيير مكتبة كلية العلوم الإقتصادية والعلوم التجارية وعلوم التسيير 07/05/2026 الطابق الثاني 1905/3   أ/1905ن3 1905/3 07/05/2026 07/05/2026 كتب
    Dewey Decimal Classification   Available مكتبة كلية العلوم الإقتصادية والعلوم التجارية وعلوم التسيير مكتبة كلية العلوم الإقتصادية والعلوم التجارية وعلوم التسيير 07/05/2026 الطابق الثاني 1905/4   أ/1905ن4 1905/4 07/05/2026 07/05/2026 كتب

موارد الويب المفتوحة


© University of Algiers 3 All Rights Reserved
|
Implemented by LECHELAH Riad